| 000 | 00586nam a22001937a 4500 | ||
|---|---|---|---|
| 999 |
_c16871 _d16871 |
||
| 003 | AR-CdUCM | ||
| 008 | 190305b ||||| |||| 00| 0 spa d | ||
| 040 |
_aMUNICIPALIDAD PROVINCIAL DEL CUSCO _cBIBLIOTECA MUNICIPAL DEL CUSCO |
||
| 082 |
_22ed. _a848.9 / _bM15 |
||
| 100 |
_aMaeterlinck, Maurice _910261 |
||
| 245 | _aEl pájaro azul interior / | ||
| 260 |
_aBuenos Aires : _bLosada, _c1944. |
||
| 300 |
_a158 páginas ; _c19 cm. |
||
| 505 | _aContenido: Novela | ||
| 650 |
_aNarrativa _967 |
||
| 650 |
_aLiteratura Europea _9894 |
||
| 942 |
_2ddc _cLIBROS |
||
| 945 |
_awnts _d2019-05-6 |
||